Municipal executive: an empirical of a city government and bureaucracy (Record no. 409804)

000 -LEADER
fixed length control field 00516cam a22001457a 4500
008 - FIXED-LENGTH DATA ELEMENTS--GENERAL INFORMATION
fixed length control field 180718b1987 xxu||||| |||| 00| 0 eng d
082 ## - DEWEY DECIMAL CLASSIFICATION NUMBER
Classification number K11mx5413 SI64
100 ## - MAIN ENTRY--PERSONAL NAME
Personal name Sinha, Ramashraya
245 ## - TITLE STATEMENT
Title Municipal executive: an empirical of a city government and bureaucracy
Statement of responsibility, etc. by Ramashraya Sinha
260 ## - PUBLICATION, DISTRIBUTION, ETC.
Place of publication, distribution, etc. Delhi
Name of publisher, distributor, etc. Capital Publishers
Date of publication, distribution, etc. 1987
300 ## - PHYSICAL DESCRIPTION
Extent vi, 192p
650 ## - SUBJECT ADDED ENTRY--TOPICAL TERM
Topical term or geographic name entry element Municipal government -Case studies.
650 ## - SUBJECT ADDED ENTRY--TOPICAL TERM
Topical term or geographic name entry element Municipal government -India -Patna -Case studies
650 ## - SUBJECT ADDED ENTRY--TOPICAL TERM
Topical term or geographic name entry element Patna Municipal Corporation
Holdings
Withdrawn status Lost status Damaged status Not for loan Permanent Location Current Location Date acquired Full call number Barcode Date last seen Price effective from Koha item type
        Indian Institute of Public Administration Indian Institute of Public Administration 2009-01-12 K11mx5413 SI64 DA5846 2018-07-21 2018-07-21 DA

Powered by Koha